De la neutralidad vigilante a la medida con Guatemala. (Record no. 13441)

MARC details
000 -CABECERA
campo de control de longitud fija 00618nam a2200193 a 4500
005 - FECHA Y HORA DE LA ÚLTIMA TRANSACCIÓN
campo de control 20210219150409.0
008 - ELEMENTOS DE LONGITUD FIJA--INFORMACIÓN GENERAL
campo de control de longitud fija 991125 gua 000 0 spa u
035 ## - NÚMERO DE CONTROL DEL SISTEMA
Número de control de sistema UPN01000013441
049 ## - COLECCIÓN
Colección CG
050 #4 - SIGNATURA TOPOGRÁFICA DE LA BIBLIOTECA DEL CONGRESO
Número de clasificación F1466.5
Número de documento/Ítem N48 1955
245 00 - MENCIÓN DE TÍTULO
Título De la neutralidad vigilante a la medida con Guatemala.
250 ## - MENCIÓN DE EDICIÓN
Mención de edición 2a ed.
260 ## - PUBLICACIÓN, DISTRIBUCIÓN, ETC.
Lugar de publicación, distribución, etc. Guatemala :
Nombre del editor, distribuidor, etc. [s. n.]
300 ## - DESCRIPCIÓN FÍSICA
Extensión 279 p. :
Otras características físicas il.
500 ## - NOTA GENERAL
Nota general Contiene : gráficas, documentos, informaciones, comentarios.
500 ## - NOTA GENERAL
Nota general "Contribución en el Primer Aniversario de la pacificación Guatemalteca
651 #4 - ASIENTO SECUNDARIO DE MATERIA - NOMBRE GEOGRAFICO
Nombre geográfico GUATEMALA -
Subdivisión general HISTORIA -
Subdivisión cronológica 1945-
905 ## - TIPO DE MATERIAL
Tipo de material Libro
Holdings
Estado de retiro Estado de pérdida Fuente del sistema de clasificación o colocación Estado dañado No para préstamo Código de colección Localización permanente Ubicación/localización actual Ubicación en estantería Total de préstamos Clasificación Código de barras Fecha visto por última vez Número de copia Tipo de ítem Koha
    Library of Congress Classification     Colección General Bib. Gregorio Torres Quintero Bib. Gregorio Torres Quintero Planta baja 2 F1466.5 N48 1955 40091 31/12/2020 1 Libro